000 00302nam a2200133 i 4500
001 bg
100 1 _aWITKOWSKI, Stefan
245 0 _aEkonomika regionu /
_cStefan Witkowski.
260 _aKielce,
_c1975.
040 _cBPK
041 _apol
942 _cKS
008 s pl f |000 0 pol
999 _c16974
_d16974
856 _uhttp://koha.tu.koszalin.pl/cgi-bin/koha/opac-detail.pl?biblionumber=16974
_yKatalog online BPK